000 01130nam a2200301 i 4500
001 768714001
003 CO-MdFUSB
005 20231030131225.0
007 ta
008 180509s1993 ck |||| |||| 00| 0 spa d
020 _q[No incluye ISBN]
040 _aCO-MdFUSB
_bspa
_cCO-MdFUSB
_dCO-MdFUSBC
_erda
041 0 _aspa
082 0 4 _a230
_223
_bD686n
100 1 _aDonner, Theodorus Gerardus (Theo G.)
_eautor
245 1 4 _aUna nueva forma de pensar
_b : borradores para una cosmovisión cristiana
_c/ Theo G. Donner
264 1 _aMédellín, Colombia :
_b Seminario Bíblicfo de Colombia,
_c[1993]
264 4 _c©1993
300 _a180 páginas
_c; 21 cm
336 _2rdacontent
_atexto
_btxt
337 _2rdamedia
_asin mediación
_bn
338 _2rdacarrier
_avolumen
_bnc
505 _a- Una perspectiva histórica - El mundo mayor de edad - La gran alternativa - El Cristiano y la política - El cristiano y la economía - El conocimiento humano - El conociminto humano - La estrategia misionera de Dios
563 _aRústico
650 0 _91269
_aHombres (Teología cristiana)
942 _cBK
945 _aJTF-925
999 _c40928
_d40928